000
00313nam a22001337a 4500
008
170830b xxu||||| |||| 00| 0 eng d
020
_a
2900073406816
041
_a
eng
080
_a
047
100
_a
39
101
_a
MED
245
_a
INTERVIWING PRINCIPLES NAD PRACTICES
_c
STEWART.CH.J
942
_2
udc
_c
BK
999
_c
25525
_d
25525